[Event "SLO-ch op"]
[Site "Ljubljana"]
[Date "2014.07.11"]
[Round "8"]
[White "Sketa, Mark"]
[Black "Hrescak, Ivana"]
[Result "0-1"]
[WhiteElo "1661"]
[BlackElo "1946"]
[PlyCount "78"]
[EventDate "2014.07.04"]
[EventType "swiss"]
[EventRounds "9"]
[EventCountry "SLO"]
[SourceTitle "EXT 2019"]
[Source "ChessBase"]
[SourceDate "2018.10.10"]
[SourceVersion "1"]
[SourceVersionDate "2018.10.10"]
[SourceQuality "1"]

1. e4 c5 2. Nf3 d6 3. d4 cxd4 4. Nxd4 Nf6 5. Nc3 g6 6. Bc4 Bg7 7. 0-0 0-0 8. h3 Nc6 9. Be3 Bd7 10. Qd2 Rc8 11. Bb3 a6 12. a4 Na5 13. Bh6 Nc4 14. Bxc4 Bxh6 15. Qxh6 Rxc4 16. Nf3 e6 17. Ng5 Rc5 18. Rfe1 Bc6 19. Rad1 Qe7 20. Rd3 b5 21. axb5 axb5 22. Red1 Rd8 23. b4 Re5 24. f4 Rxe4 25. Ncxe4 Bxe4 26. Nxe4 Nxe4 27. Re1 d5 28. f5 Qxb4 29. Rxe4 Qxe4 30. Qg5 Qe1+ 31. Kh2 Qe5+ 32. Kg1 Ra8 33. Rd1 Qxf5 34. Qd2 Rc8 35. c3 Qe4 36. Rc1 Rc4 37. Kh1 Qf4 38. Qb2 b4 39. Ra1 Rxc3 0-1

[Event "SLO-ch op"]
[Site "Ljubljana"]
[Date "2014.07.07"]
[Round "4"]
[White "Stevanic, David"]
[Black "Sketa, Mark"]
[Result "1-0"]
[WhiteElo "1760"]
[BlackElo "1661"]
[PlyCount "119"]
[EventDate "2014.07.04"]
[EventType "swiss"]
[EventRounds "9"]
[EventCountry "SLO"]
[SourceTitle "EXT 2019"]
[Source "ChessBase"]
[SourceDate "2018.10.10"]
[SourceVersion "1"]
[SourceVersionDate "2018.10.10"]
[SourceQuality "1"]

1. e4 c5 2. c3 d5 3. exd5 Qxd5 4. d4 Nf6 5. Nf3 Bg4 6. Be2 Nc6 7. Be3 cxd4 8. cxd4 e6 9. Nc3 Bb4 10. 0-0 Bxc3 11. bxc3 0-0 12. h3 Bf5 13. c4 Qd6 14. Qb3 Be4 15. Qb2 Rfd8 16. Rfd1 Qb4 17. Qxb4 Nxb4 18. Nd2 Bc2 19. Rdc1 Bg6 20. Bd1 Ne4 21. Nxe4 Bxe4 22. Bb3 a5 23. a3 a4 24. Ba2 Nc2 25. Rab1 Nxd4 26. Rb2 Nf5 27. Bb6 Rd7 28. f3 Bc6 29. Kf2 Ra6 30. c5 Ne7 31. Bc4 Ra8 32. Ke3 Nd5+ 33. Bxd5 exd5 34. Kd4 Re7 35. Rcc2 Rae8 36. Ba5 Re3 37. Bb4 Bb5 38. Rd2 Bc4 39. Rbc2 f5 40. Rxc4 dxc4 41. Kxc4 R8e7 42. c6 bxc6 43. Bxe7 Rxe7 44. Kc5 Rb7 45. Rd4 Rb2 46. Rxa4 Rxg2 47. Kxc6 Rg3 48. Rf4 Rxh3 49. Rxf5 Rh4 50. Kb5 g6 51. Rg5 Rh3 52. a4 Rxf3 53. a5 Ra3 54. a6 Kg7 55. Kb6 h5 56. a7 Kf6 57. Ra5 Rxa5 58. Kxa5 g5 59. a8Q Kf5 60. Qf3+ 1-0

[Event "SLO-ch U20"]
[Site "Smarjeske Toplice"]
[Date "2014.06.28"]
[Round "6"]
[White "Sketa, Mark"]
[Black "Meglic, Jaka"]
[Result "0-1"]
[WhiteElo "1659"]
[BlackElo "1639"]
[PlyCount "42"]
[EventDate "2014.06.24"]
[EventType "swiss"]
[EventRounds "9"]
[EventCountry "SLO"]
[SourceTitle "EXT 2019"]
[Source "ChessBase"]
[SourceDate "2018.10.10"]
[SourceVersion "1"]
[SourceVersionDate "2018.10.10"]
[SourceQuality "1"]

1. e4 c5 2. Nf3 g6 3. d4 cxd4 4. Nxd4 Nc6 5. Nc3 Bg7 6. Be3 Nf6 7. Bc4 0-0 8. f3 Qb6 9. 0-0 Ng4 10. Na4 Nxe3 11. Nxb6 Nxd1 12. Nxc6 bxc6 13. Nxa8 Ne3 14. Bd3 Nxf1 15. Rxf1 Be5 16. f4 Bb8 17. Rd1 d6 18. e5 Bb7 19. f5 Bxa8 20. f6 d5 21. Bc4 e6 0-1

[Event "SLO-ch U20"]
[Site "Smarjeske Toplice"]
[Date "2014.06.28"]
[Round "7"]
[White "Sketa, Mark"]
[Black "Zunic, Gregor"]
[Result "1-0"]
[WhiteElo "1659"]
[BlackElo "1587"]
[PlyCount "67"]
[EventDate "2014.06.24"]
[EventType "swiss"]
[EventRounds "9"]
[EventCountry "SLO"]
[SourceTitle "EXT 2019"]
[Source "ChessBase"]
[SourceDate "2018.10.10"]
[SourceVersion "1"]
[SourceVersionDate "2018.10.10"]
[SourceQuality "1"]

1. e4 c5 2. Nf3 e6 3. d4 cxd4 4. Nxd4 Nf6 5. Bd3 Nc6 6. Be3 d5 7. Nd2 Bd6 8. Nb5 0-0 9. Nxd6 Qxd6 10. exd5 Qxd5 11. 0-0 Ne5 12. Be2 b6 13. Nf3 Qe4 14. Qd4 Qxc2 15. Bd1 Nxf3+ 16. Bxf3 Rb8 17. Rfc1 Qf5 18. Bf4 Bd7 19. Bxb8 Rxb8 20. Rc7 Qa5 21. Rxd7 Nxd7 22. Qxd7 Qe5 23. Rc1 Rf8 24. Qxa7 Qxb2 25. Rd1 Qb4 26. g3 Qc5 27. Kg2 g6 28. Qd7 b5 29. Qc6 Qb4 30. Rd7 Qb2 31. Qa6 b4 32. Rb7 Rc8 33. Rxb4 Qxb4 34. Qxc8+ 1-0

[Event "SLO-ch U20"]
[Site "Smarjeske Toplice"]
[Date "2014.06.24"]
[Round "2"]
[White "Sketa, Mark"]
[Black "Amon, Nejc"]
[Result "1-0"]
[WhiteElo "1659"]
[BlackElo "1890"]
[PlyCount "97"]
[EventDate "2014.06.24"]
[EventType "swiss"]
[EventRounds "9"]
[EventCountry "SLO"]
[SourceTitle "EXT 2019"]
[Source "ChessBase"]
[SourceDate "2018.10.10"]
[SourceVersion "1"]
[SourceVersionDate "2018.10.10"]
[SourceQuality "1"]

1. e4 c5 2. Nf3 d6 3. d4 Nf6 4. Nc3 cxd4 5. Nxd4 g6 6. Bg5 Bg7 7. Qd2 Nc6 8. 0-0-0 0-0 9. Nxc6 bxc6 10. e5 Ng4 11. exd6 Qxd6 12. f3 Qxd2+ 13. Rxd2 Nf6 14. Bc4 h6 15. Bh4 h5 16. Kb1 Rb8 17. Bb3 Bf5 18. Rhd1 a5 19. h3 Rfe8 20. g4 hxg4 21. hxg4 Bc8 22. Bg3 Rb7 23. Rd8 Kf8 24. Na4 Bd7 25. Rxe8+ Kxe8 26. Nc5 Rb5 27. Na6 Rb6 28. Nc7+ Kd8 29. Bxf7 Nd5 30. Nxd5 cxd5 31. b3 a4 32. Bxd5 Ke8 33. Bc4 axb3 34. cxb3 Rb7 35. Bd5 Ra7 36. Rc1 Bb5 37. Bc6+ Bxc6 38. Rxc6 Bf6 39. Rc8+ Kd7 40. Rc2 Ra5 41. Rd2+ Ke6 42. a4 Rc5 43. Rd3 Rc8 44. Ka2 Rc1 45. Ka3 Bc3 46. b4 Bf6 47. a5 Rb1 48. Ka4 Rg1 49. a6 1-0

[Event "Ljubljana op 2nd"]
[Site "Ljubljana"]
[Date "2014.06.10"]
[Round "8"]
[White "Unuk, Laura"]
[Black "Sketa, Mark"]
[Result "1-0"]
[WhiteElo "2046"]
[BlackElo "1660"]
[PlyCount "81"]
[EventDate "2014.04.02"]
[EventType "swiss"]
[EventRounds "9"]
[EventCountry "SLO"]
[SourceTitle "EXT 2023"]
[Source "ChessBase"]
[SourceDate "2022.10.05"]
[SourceVersion "1"]
[SourceVersionDate "2022.10.05"]
[SourceQuality "1"]

1. d4 e6 2. g3 f5 3. Bg2 Nf6 4. c4 c6 5. Nc3 d5 6. e3 Bb4 7. Nge2 0-0 8. 0-0 Nbd7 9. b3 b6 10. Qc2 Ba6 11. Nf4 Qe7 12. Nce2 Rac8 13. Bb2 Rfd8 14. Rfd1 Nf8 15. Rac1 h6 16. Nd3 Bd6 17. f3 g5 18. Nf2 c5 19. e4 cxd4 20. exd5 Nxd5 21. Bxd4 Ba3 22. f4 Nb4 23. Qb1 Bxc1 24. Rxc1 Bb7 25. Bxb7 Qxb7 26. Bc3 Nc6 27. Qb2 Rd7 28. g4 Rcd8 29. Qc2 Ne7 30. fxg5 hxg5 31. Ng3 Qf3 32. Rf1 Nh7 33. Qc1 Qc6 34. Nh5 Kf7 35. Qe3 Qc5 36. Qe2 Rd3 37. Re1 Nf8 38. b4 Qxc4 39. Nxd3 Qxd3 40. Qe5 Qd5 41. Qg7+ 1-0

[Event "SLO-chT U16"]
[Site "Moravske Toplice"]
[Date "2014.05.16"]
[Round "1"]
[White "Sketa, Mark"]
[Black "Marn, Jan"]
[Result "1-0"]
[WhiteElo "1659"]
[BlackElo "1349"]
[PlyCount "67"]
[EventDate "2014.05.16"]
[EventType "team-swiss"]
[EventRounds "6"]
[EventCountry "SLO"]
[SourceTitle "EXT 2022"]
[Source "ChessBase"]
[SourceDate "2021.10.06"]
[SourceVersion "1"]
[SourceVersionDate "2021.10.06"]
[SourceQuality "1"]

1. e4 e5 2. Nf3 Nc6 3. Bb5 a6 4. Ba4 Nf6 5. 0-0 Be7 6. Re1 b5 7. Bb3 d6 8. c3 0-0 9. h3 Na5 10. Bc2 c5 11. d4 Qc7 12. d5 Bd7 13. Nbd2 c4 14. Nf1 Nb7 15. Ng3 Nc5 16. Nh2 Bd8 17. Ng4 Nxg4 18. hxg4 Qa7 19. Nf5 Bxf5 20. gxf5 Bb6 21. Be3 Nd7 22. Qg4 f6 23. Bxb6 Qxb6 24. Re3 Nc5 25. Rh3 Qc7 26. Qh5 h6 27. Qg4 Kh7 28. g3 Rfb8 29. Qg6+ Kh8 30. Kg2 Rf8 31. Rah1 Ra7 32. g4 Qf7 33. Rxh6+ gxh6 34. Qxh6+ 1-0

[Event "Ljubljana op 2nd"]
[Site "Ljubljana"]
[Date "2014.05.06"]
[Round "4"]
[White "Sketa, Mark"]
[Black "Subelj, Jan"]
[Result "1-0"]
[WhiteElo "1660"]
[BlackElo "1611"]
[PlyCount "63"]
[EventDate "2014.04.02"]
[EventType "swiss"]
[EventRounds "9"]
[EventCountry "SLO"]
[SourceTitle "EXT 2023"]
[Source "ChessBase"]
[SourceDate "2022.10.05"]
[SourceVersion "1"]
[SourceVersionDate "2022.10.05"]
[SourceQuality "1"]

1. e4 e5 2. Nf3 Nc6 3. Bb5 a6 4. Ba4 Nf6 5. 0-0 Be7 6. Re1 b5 7. Bb3 d6 8. c3 0-0 9. h3 Na5 10. Bc2 c5 11. d4 Qc7 12. Nbd2 Nc6 13. d5 Nb8 14. a4 Qb7 15. Nf1 Re8 16. Ng3 h6 17. Nh2 Nbd7 18. Nf5 Nf8 19. Nxe7+ Rxe7 20. f4 Ng6 21. f5 Nf8 22. g4 N6h7 23. h4 f6 24. Kh1 Nd7 25. Rg1 bxa4 26. Bxa4 Nb6 27. Bc6 Qc7 28. Bxa8 Nxa8 29. Nf3 Kf8 30. g5 Ke8 31. gxh6 gxh6 32. Bxh6 1-0

[Event "Ljubljana Winter op"]
[Site "Ljubljana"]
[Date "2014.03.26"]
[Round "9"]
[White "Sketa, Mark"]
[Black "Urh, Zala"]
[Result "1-0"]
[WhiteElo "1677"]
[BlackElo "1579"]
[PlyCount "45"]
[EventDate "2014.01.08"]
[EventType "swiss"]
[EventRounds "9"]
[EventCountry "SLO"]
[SourceTitle "EXT 2023"]
[Source "ChessBase"]
[SourceDate "2022.10.05"]
[SourceVersion "1"]
[SourceVersionDate "2022.10.05"]
[SourceQuality "1"]

1. e4 e6 2. d4 d5 3. e5 c5 4. c3 Nc6 5. Be3 Qb6 6. Qd2 cxd4 7. cxd4 Nge7 8. Nf3 Nf5 9. Bd3 Nxe3 10. fxe3 Be7 11. 0-0 0-0 12. Nc3 f6 13. exf6 Bxf6 14. Qc2 h6 15. Bh7+ Kh8 16. Nh4 Ne7 17. Rf3 Bd7 18. Raf1 Rfc8 19. Rxf6 gxf6 20. Ng6+ Nxg6 21. Qxg6 Qd6 22. Rxf6 Rf8 23. Bg8 1-0

[Event "SLO-chT3 West"]
[Site "Postojna"]
[Date "2013.11.24"]
[Round "4"]
[White "Sketa, Mark"]
[Black "Malkoc, Patrik"]
[Result "1-0"]
[WhiteElo "1593"]
[BlackElo "1247"]
[PlyCount "53"]
[EventDate "2013.11.22"]
[EventType "team"]
[EventRounds "5"]
[EventCountry "SLO"]
[SourceTitle "EXT 2015"]
[Source "ChessBase"]
[SourceDate "2014.11.20"]
[SourceVersion "1"]
[SourceVersionDate "2014.11.20"]
[SourceQuality "1"]

1. e4 e5 2. Nf3 Nc6 3. Bb5 f6 4. c3 Bc5 5. d4 exd4 6. cxd4 Bb4+ 7. Bd2 Qe7 8. 0-0 Bxd2 9. Qxd2 a6 10. Ba4 Nh6 11. Bb3 d6 12. h3 Bd7 13. Nc3 0-0-0 14. Rac1 f5 15. e5 dxe5 16. Nd5 Qd6 17. dxe5 Nxe5 18. Nxe5 Qxe5 19. Nb6+ Kb8 20. Nxd7+ Rxd7 21. Qxd7 Rf8 22. Rfe1 Qf4 23. Rc4 Qg5 24. Rxc7 Rd8 25. Rxb7+ Ka8 26. Ra7+ Kb8 27. Qc7# 1-0

[Event "Ljubljana op 2nd"]
[Site "Ljubljana"]
[Date "2013.06.15"]
[Round "8"]
[White "Korosec, Stefan"]
[Black "Sketa, Mark"]
[Result "1-0"]
[WhiteElo "1727"]
[BlackElo "1501"]
[PlyCount "105"]
[EventDate "2013.04.03"]
[EventType "swiss"]
[EventRounds "9"]
[EventCountry "SLO"]
[SourceTitle "EXT 2023"]
[Source "ChessBase"]
[SourceDate "2022.10.05"]
[SourceVersion "1"]
[SourceVersionDate "2022.10.05"]
[SourceQuality "1"]

1. e4 c5 2. Nf3 Nc6 3. d4 cxd4 4. Nxd4 g6 5. Nc3 Bg7 6. Be3 e6 7. Bb5 Nge7 8. 0-0 0-0 9. a3 a6 10. Ba4 b5 11. Bb3 Bb7 12. f3 f5 13. Qd2 Qc7 14. Rad1 f4 15. Bf2 Kh8 16. Nde2 Rad8 17. Kh1 Na5 18. Bh4 Bf6 19. Bxf6+ Rxf6 20. Ng1 Nxb3 21. cxb3 d5 22. exd5 Nxd5 23. Rc1 Ne3 24. Qe2 Nxf1 25. Qxf1 Qg7 26. Nh3 Rd2 27. Nd1 Rf5 28. Nhf2 Qd4 29. h3 Rc5 30. Rxc5 Qxc5 31. Qe1 Rd6 32. Qe2 Qd4 33. Kh2 Bd5 34. Qc2 Rc6 35. Nc3 a5 36. Qe2 Qe3 37. Qf1 Qb6 38. Qe2 Bxb3 39. Qe5+ Kg8 40. Nfe4 Qc7 41. Qxb5 Bc4 42. Qg5 e5 43. Nf6+ Kh8 44. Ne8 Qf7 45. Qxe5+ Kg8 46. Nd6 Qe6 47. Nxc4 Qxc4 48. Qxa5 Rc5 49. Qd8+ Kg7 50. Qe7+ Kg8 51. Ne4 Rc7 52. Nf6+ Kh8 53. Qf8+ 1-0

[Event "SLO-chT U16"]
[Site "Rogla"]
[Date "2013.05.11"]
[Round "4"]
[White "Krejic, Nik"]
[Black "Sketa, Mark"]
[Result "0-1"]
[WhiteElo "1603"]
[BlackElo "1502"]
[PlyCount "120"]
[EventDate "2013.05.10"]
[EventType "team-swiss"]
[EventRounds "6"]
[EventCountry "SLO"]
[SourceTitle "EXT 2015"]
[Source "ChessBase"]
[SourceDate "2014.11.20"]
[SourceVersion "1"]
[SourceVersionDate "2014.11.20"]
[SourceQuality "1"]

1. d4 Nf6 2. Nf3 g6 3. g3 Bg7 4. Bg2 0-0 5. 0-0 d6 6. b3 Nbd7 7. Bb2 c5 8. e3 Rb8 9. Nbd2 b5 10. c4 bxc4 11. Qc2 cxb3 12. Nxb3 Ba6 13. Rfc1 c4 14. Nbd2 d5 15. Ba3 Re8 16. e4 Qa5 17. Bb2 Nxe4 18. Nxe4 dxe4 19. Nd2 Rxb2 20. Qxb2 c3 21. Qxc3 Qxc3 22. Rxc3 Bxd4 23. Nxe4 Bxc3 24. Nxc3 e6 25. Rd1 Nb6 26. Ne4 Rc8 27. Bf1 Bxf1 28. Kxf1 Rc2 29. Rd2 Rxd2 30. Nxd2 Kg7 31. Ke2 Nd5 32. Nb1 Kf6 33. f4 Kf5 34. Kf3 h5 35. h4 Nb6 36. Nd2 e5 37. fxe5 Kxe5 38. Ne4 Nd7 39. Nc3 a6 40. Ne4 f6 41. Nc3 g5 42. hxg5 fxg5 43. Ne2 Nf6 44. Nc3 Nd5 45. Nb1 g4+ 46. Kf2 Ke4 47. Ke2 Kd4 48. a3 Nc3+ 49. Nxc3 Kxc3 50. Ke3 Kb3 51. Kf4 Kxa3 52. Kg5 Kb4 53. Kxh5 a5 54. Kxg4 a4 55. Kh5 a3 56. g4 a2 57. g5 a1Q 58. Kh6 Qh8+ 59. Kg6 Qg8+ 60. Kf6 Kc5 0-1

[Event "Ljubljana op 2nd"]
[Site "Ljubljana"]
[Date "2013.04.24"]
[Round "3"]
[White "Sketa, Mark"]
[Black "Piciga, Aleksander"]
[Result "0-1"]
[WhiteElo "1501"]
[BlackElo "1368"]
[PlyCount "54"]
[EventDate "2013.04.03"]
[EventType "swiss"]
[EventRounds "9"]
[EventCountry "SLO"]
[SourceTitle "EXT 2023"]
[Source "ChessBase"]
[SourceDate "2022.10.05"]
[SourceVersion "1"]
[SourceVersionDate "2022.10.05"]
[SourceQuality "1"]

1. e4 e6 2. d4 d5 3. exd5 exd5 4. Be3 Nf6 5. Nc3 Bb4 6. Qd3 0-0 7. a3 Ba5 8. 0-0-0 c6 9. h4 b5 10. f3 Ba6 11. b4 Re8 12. g4 Qe7 13. Bf4 Bc7 14. Bxc7 Qxc7 15. Nh3 Qe7 16. Kb2 Bc8 17. Bg2 a5 18. Rde1 Be6 19. Na2 axb4 20. axb4 Qa7 21. Ra1 Nbd7 22. Nf4 Nb6 23. g5 Nc4+ 24. Kb1 Nd7 25. h5 Bf5 26. Qd1 Na3+ 27. Kc1 Nxc2 0-1